000 00617nam a22002297a 4500
003 UA-OsUOA
001 36849
007 ta
008 20060216b un ||||| |||| 00| 0 ukr d
090 _a347(094)
_bУ45
942 _cBK
040 _aUA-OsUOA
_bukr
_cUA-OsUOA
_dUA-OsUOA
245 _aУкраїна. Закони. Цивільний кодекс України
300 _a384 с.
955 _a2
041 _aukr
080 _a347(094)
020 _a966-661-153-8
260 _aК.
_bШкола
_c2003
650 7 _a347 Цивільне право. Судовий устрій
_2UDC
999 _c323045
_d323045